<?xml version="1.0" encoding="UTF-8"?>
<marc:record xmlns:marc="http://www.loc.gov/MARC21/slim">
   <marc:leader>00000nam a2200000 a 4500</marc:leader>
   <marc:datafield ind1="1" ind2=" " tag="100">
      <marc:subfield code="a">Lütgen-Wienand, Barbara</marc:subfield>
      <marc:subfield code="4">aut</marc:subfield>
      <marc:subfield code="e">Verfasser/-in</marc:subfield>
   </marc:datafield>
   <marc:datafield ind1=" " ind2=" " tag="653">
      <marc:subfield code="a">Mutterentbehrung</marc:subfield>
   </marc:datafield>
   <marc:datafield ind1=" " ind2=" " tag="653">
      <marc:subfield code="a">Trauerarbeit</marc:subfield>
   </marc:datafield>
   <marc:datafield ind1=" " ind2=" " tag="653">
      <marc:subfield code="a">Biografiearbeit</marc:subfield>
   </marc:datafield>
   <marc:datafield ind1=" " ind2=" " tag="653">
      <marc:subfield code="a">Pflegekinder</marc:subfield>
   </marc:datafield>
   <marc:datafield ind1=" " ind2=" " tag="653">
      <marc:subfield code="a">Adoptivkinder</marc:subfield>
   </marc:datafield>
   <marc:datafield ind1=" " ind2=" " tag="653">
      <marc:subfield code="a">Heimkinder</marc:subfield>
   </marc:datafield>
   <marc:datafield ind1=" " ind2=" " tag="653">
      <marc:subfield code="a">Trennung</marc:subfield>
   </marc:datafield>
   <marc:datafield ind1=" " ind2=" " tag="653">
      <marc:subfield code="a">Softcover / Kinder- und Jugendbücher/Bilderbücher</marc:subfield>
   </marc:datafield>
   <marc:datafield ind1=" " ind2=" " tag="653">
      <marc:subfield code="a">Bilderbuch</marc:subfield>
   </marc:datafield>
   <marc:datafield ind1=" " ind2=" " tag="653">
      <marc:subfield code="a">Bilderbücher</marc:subfield>
   </marc:datafield>
   <marc:datafield ind1="0" ind2="0" tag="245">
      <marc:subfield code="a">Hugo allein auf dem Feld</marc:subfield>
   </marc:datafield>
   <marc:datafield ind1="0" ind2="0" tag="245">
      <marc:subfield code="b">eine Feldmaus findet ein neues Zuhause</marc:subfield>
   </marc:datafield>
   <marc:datafield ind1="0" ind2="0" tag="245">
      <marc:subfield code="c">Texte und Ill. Barbara Lütgen-Wienand</marc:subfield>
   </marc:datafield>
   <marc:datafield ind1=" " ind2="1" tag="264">
      <marc:subfield code="a">Münster</marc:subfield>
      <marc:subfield code="b">Verl.-Haus Monsenstein und Vannerdat</marc:subfield>
      <marc:subfield code="c">2015</marc:subfield>
   </marc:datafield>
   <marc:datafield ind1="1" ind2=" " tag="490">
      <marc:subfield code="a">Edition Octopus</marc:subfield>
   </marc:datafield>
   <marc:datafield ind1="1" ind2=" " tag="520">
      <marc:subfield code="a">Angaben aus der Verlagsmeldung

Hugo - allein auf dem Feld : Eine Feldmaus findet ein neues Zuhause / von Barbara Lütgen-Wienand

Die jahrzehntelange Arbeit und das Zusammenleben mit Pflege- und Adoptivkindern haben deutlich gemacht, dass die Trauerarbeit mit diesen Kindern häufig zu kurz kommt. Die Kinder fühlen sich wertlos, ungeliebt und unverstanden. Sie haben für ihre Gefühle keine Worte, die Pflege- und Adoptiveltern wollen mit dem Thema keine Wunden aufreißen.

Diese Kinder sind oftmals in ihrem Verhalten auffällig. Ihre Wut, ihre Trauer werden verdrängt und hinter Aggressionen oder Zurückgezogenheit, Anstrengungsverweigerung, totale Anpassung oder Aufsässigkeit u.a. versteckt - und damit nicht als Trauer erkannt.
Loyalitätskonflikte erschweren oftmals den Kindern, ihre Trauer zum Ausdruck zu bringen. Sie fühlen sich in der neuen Familie "eigentlich" wohl, werden dort umsorgt und gemocht, sie fühlen sich auch geborgen.
Die wenigen Bücher, die es für Kinder in diesen Situationen gibt, enden damit, dass sie eine neue Familie gefunden haben und nun alles gut wird. Warum also können sie nicht auch einfach nur glücklich sein? Sind sie undankbar?
Das Buch "Hugo" bietet dem Kind die Möglichkeit, über die kleine Maus zu reden, ohne die eigenen Gefühle gleich preisgeben zu müssen. Es will einen Einstieg ermöglichen, um sich der Thematik zu nähern, dem Kind zu zeigen, dass man es versteht, wenn es manchmal wütend oder unglücklich ist. Es kann dadurch erfahren, wie wichtig es für die ganze Familie ist, über eigene Gefühle zu sprechen und dass auch "negative" Gefühle legitim sind.

Lesealter: ab 4 Jahren
</marc:subfield>
   </marc:datafield>
   <marc:datafield ind1=" " ind2=" " tag="020">
      <marc:subfield code="a">9783956455858</marc:subfield>
      <marc:subfield code="9">9783956455858</marc:subfield>
   </marc:datafield>
   <marc:datafield ind1=" " ind2=" " tag="020">
      <marc:subfield code="a">3956455851</marc:subfield>
      <marc:subfield code="9">3956455851</marc:subfield>
   </marc:datafield>
   <marc:datafield ind1=" " ind2=" " tag="041">
      <marc:subfield code="a">ger</marc:subfield>
   </marc:datafield>
   <marc:datafield ind1=" " ind2=" " tag="300">
      <marc:subfield code="a">32 S.</marc:subfield>
   </marc:datafield>
</marc:record>
